00445nam a2200157Ia 4500003000900000008004100009040001600050080001800066100001700084245007400101260003600175300001600211650002500227650001800252650001700270IN-BaIIA211028s9999 xx 000 0 eng d cIIA Library a535.33bHER-1 aHerzberg, G. 0aInfrared and raman spectra of polyatomic moleculescG. Herzberg  aNew YorkbD. Van Nostrandc1946 axiii, 632p. aPolyatomic molecules aRaman spectra aSpectroscopy